| 000 | 00698nam a2200145 a 4500 | ||
|---|---|---|---|
| 008 | 120416s1972 ||||||||||||||||| || u | ||
| 050 | _aBL 2400 Int | ||
| 245 | 1 | 0 | _aAfrican systems of thought |
| 246 | _astudies presented and discussed at the third ... | ||
| 260 |
_aLondon _bOxford University Press _c1972 |
||
| 300 | _aviii, 392p. | ||
| 350 | _a0.00 | ||
| 995 |
_aMAIN LIBRARY OPEN ACCESS _D0.00 _e702278 _FCBU-MAIN LIBRARY (Kitwe) _H2 _I0.00 _jBL 2400 Int _M2 _UAVAILABLE _WJul 31, 2006 _y001107 _ZMain Library Open Access Collection |
||
| 995 |
_aANNEX COLLECTION (Main Library) _D0.00 _e707486 _FCBU-MAIN LIBRARY (Kitwe) _H1 _I0.00 _jBL 2400 Int _M1 _UAVAILABLE _WJul 21, 2006 _y001108 _ZAnnex Low-Usage Collection |
||
| 999 |
_c83816 _d83816 |
||